| 000 | 00799nam a2200217Ia 4500 | ||
|---|---|---|---|
| 001 | 5344 | ||
| 003 | GE_BSU | ||
| 008 | 181216s||||||||xx |||||||||||||| ||und|| | ||
| 040 | _cGE_BSU | ||
| 080 | _a514.18(075.8) | ||
| 100 | _aГордон, В. О. Иванов, Ю. Б., Солнцева, Т. Е | ||
| 245 | _aСборник задач по курсу начертательной геометрии | ||
| 245 | _bУчебное пособие для студ. машиностроит и приборостр. специальн. вузов | ||
| 250 | _aизд. 5-е | ||
| 260 | _aМосква | ||
| 260 | _bНаука, | ||
| 260 | _c1977 | ||
| 300 | _a351 с22 см. | ||
| 653 | _aСборник задач по курс начертательной геометрии | ||
| 942 | _cBK | ||
| 999 |
_c38921 _d38921 |
||